000 00588nam a22001697a 4500
005 20141008110737.0
008 141008b xxu||||| |||| 00| 0 eng d
020 _a9789715848725
050 _aPE 1130
_b.B186 2009
100 _aBalinas, Elvira S.
245 _aStudy and thinking skills :
_ban English skill text for general communication task /
_cElvira S. Balinas.
260 _aQuezon City, Philippines :
_bC & E Publishing, Inc.,
_cc2009.
300 _a240 pages :
_billustrations ;
_c25 cm.
650 _aEnglish skills.
650 _aCommunication skills.
942 _2lcc
_cBK
_kLOC
999 _c276035
_d276035